| 000 | 00346nam a2200133Ia 4500 | ||
|---|---|---|---|
| 008 | 231129s1998||||xx |||||||||||||| ||spa|| | ||
| 040 | _bspa | ||
| 082 | _a302.3 P896p | ||
| 100 | _aPrada Ramírez José Rafael | ||
| 245 | 0 | _aPsicología de grupos | |
| 260 | _c1998 | ||
| 264 | _aIndo - American Press Service - Editores | ||
| 942 |
_2ddc _cBKS |
||
| 999 |
_c23450 _d23450 |
||